History of Tipu Sultan / (Record no. 65387)
[ view plain ]
| 000 -LEADER | |
|---|---|
| fixed length control field | 00819nam a2200241 a 4500 |
| 001 - CONTROL NUMBER | |
| control field | 65387 |
| 003 - CONTROL NUMBER IDENTIFIER | |
| rucl marc code | BD-RjUL |
| 005 - DATE AND TIME OF LATEST TRANSACTION | |
| control field | 20211209081424.0 |
| 008 - FIXED-LENGTH DATA ELEMENTS--GENERAL INFORMATION | |
| fixed length control field | 170305s1951 ii b ab 001 0 eng |
| 035 ## - SYSTEM CONTROL NUMBER | |
| System control number | (BD-RjUL)65517 |
| 040 ## - CATALOGING SOURCE | |
| Original cataloging agency | DLC |
| Transcribing agency | DLC |
| Language of cataloging | eng |
| Modifying agency | BD-RjUL |
| 041 ## - LANGUAGE CODE | |
| Language code of text/sound track or separate title | eng |
| 082 ## - DEWEY DECIMAL CLASSIFICATION NUMBER | |
| Edition number | 23 |
| Classification number | 954.0298092 |
| Author mark and year | KHH 1951 |
| 100 1# - MAIN ENTRY--PERSONAL NAME | |
| Personal name | Khan Mohibbul Hasan, |
| 9 (RLIN) | 193508 |
| 245 10 - TITLE STATEMENT | |
| Title | History of Tipu Sultan / |
| Statement of responsibility, etc. | by Mohibbul Hasan Khan. |
| 260 ## - PUBLICATION, DISTRIBUTION, ETC. (IMPRINT) | |
| Place of publication, distribution, etc. | Calcutta : |
| Name of publisher, distributor, etc. | Bibliophile Ltd., |
| Date of publication, distribution, etc. | 1951. |
| 300 ## - PHYSICAL DESCRIPTION | |
| Pagination | ix, 434 p. : |
| Illustrations | ill, ; |
| Size | 22 cm. |
| 504 ## - BIBLIOGRAPHY, ETC. NOTE | |
| Bibliography, etc | Includes bibliographical references and index. |
| 600 20 - SUBJECT ADDED ENTRY--PERSONAL NAME | |
| Personal name | Tipu Sultan, Fath Κ»Ali, |
| Titles and other words associated with a name | Nawab of Mysore, |
| Dates associated with a name | 1753-1799. |
| 651 #0 - SUBJECT ADDED ENTRY--GEOGRAPHIC NAME | |
| Geographic name | Karnataka (India) |
| General subdivision | History. |
| 9 (RLIN) | 193510 |
| 830 #0 - SERIES ADDED ENTRY--UNIFORM TITLE | |
| Uniform title | SAMP early 20th-century Indian books project ; |
| Volume number/sequential designation | item 10384. |
| 942 ## - ADDED ENTRY ELEMENTS (KOHA) | |
| Source of classification or shelving scheme | Dewey Decimal Classification |
| Koha item type | Books |
| Lost status | Source of classification or shelving scheme | Damaged status | Not for loan | Collection code | Permanent Location | Current Location | Shelving location | Date acquired | Source of acquisition | Cost, normal purchase price | Total Checkouts | Full call number | Date last seen | Copy number | Koha item type |
|---|---|---|---|---|---|---|---|---|---|---|---|---|---|---|---|
| Dewey Decimal Classification | Not For Loan | Non-fiction | Central Library, University of Rajshahi | Central Library, University of Rajshahi | Reading Room | 08/06/1955 | Grenich | 13.80 | 954.0298092 KHH 1951 | 05/03/2017 | C-1 | Books |